Quizzes
Events
Quiz Creation
Community
Videos
Private Events
Remove Ads
Sign In
Join for FREE
Feedback
Dark Mode
Quiz Categories
Sports
Geography
Music
Movies
Television
Just For Fun
Miscellaneous
History
Literature
Language
Science
Gaming
Entertainment
Religion
Holiday
For Kids
Quiz Lab
Recent
Popular Today
Quiz Kudos Today
Editor Picks
Curator Picks
Quizzes by...
Day
Popularity
Type
Ratings
Length
Year
Community
Subscriptions
Recent Discussions
Orange Saloon
Badges
Playlists
Quests
Create
Leaderboards
Showdown
Live 5
Trivia Bingo
Activity
Puzzle Library
Sporcle Events
Private Events
Virtual Trivia
Globe League
Become a Host
Pub Owners
SporcleCon
Opinionation
Our Games
Videos
Blog
Mobile Apps
Partnerships
Remove Ads and Go Orange
Feedback
Sports
Athletes
MLB
NBA
NHL
NFL
Soccer
Sports Teams
WWE
NCAA
Football
Premier League
Basketball
Baseball
Hockey
Golf
Tennis
Cricket
Rugby
Auto Racing
Olympics
World Cup
Sports
Athletes
MLB
NBA
NHL
NFL
Soccer
Sports Teams
WWE
NCAA
Football
Premier League
Basketball
Baseball
Hockey
Golf
Tennis
Cricket
Rugby
Auto Racing
Olympics
World Cup
Random Quiz
Search Sporcle
×
Quiz Lab
Quiz Lab
Sports
Soccer
Type in answers that appear in a list
Type in answers that appear in a list
Classic
Best Score? Go Orange.
2012 USMNT Caps Stats
Can you name the players who earned caps for the USA Men's National Team in 2012?
By
stewart1_matt
10m
49 Questions
65 Plays
65 Plays
65 Plays
Comments
Comments
Give Quiz Kudos
Give Quiz Kudos
-
- Ratings
hide this ad
Replay
Link that replays current quiz
Next Quiz
Link to next quiz in quiz playlist
You Got
0%
They Got
Avg Score
60%
Avg Friend Score
Upgrade to see
Score Distribution
Jump to the score distribution portion of the page
Score
0/49
Timer
10:00
0
Plays Today
Position
Player
% Correct
GK
Tim Howard
98.5%
F/
M
Landon Donovan
98.5%
F/
M
Clint Dempsey
93.8%
D/
M
Fabian Johnson
90.8%
F
Eddie Johnson
90.8%
GK
Sean Johnson
90.8%
M
Michael Bradley
89.2%
GK
Brad Guzan
89.2%
F
Jozy Altidore
86.2%
M
Jermaine Jones
84.6%
D
Carlos Bocanegra
78.5%
F
Herculez Gomez
78.5%
M
Demarcus Beasley
75.4%
D/
M
Maurice Edu
72.3%
D
Geoff Cameron
72.3%
M
Graham Zusi
72.3%
M
Brek Shea
70.8%
M
Kyle Beckerman
69.2%
D
Oguchi Onyewu
69.2%
GK
Nick Rimando
69.2%
D
Steve Cherundolo
67.7%
F
Chris Wondolowski
67.7%
D
Timothy Chandler
66.2%
M
Jose Torres
64.6%
M
Danny Williams
61.5%
Position
Player
% Correct
GK
Bill Hamid
61.5%
M
Mix Diskerud
58.5%
D
Clarence Goodson
56.9%
D/
M
Edgar Castillo
55.4%
M
Benny Feilhaber
52.3%
D
Jonathan Spector
50.8%
F
Terrence Boyd
49.2%
M
Joe Corona
49.2%
M
Brad Evans
47.7%
M
Ricardo Clark
47.7%
M
Josh Gatt
46.2%
F
Juan Agudelo
46.2%
D
Michael Orozco Fiscal
46.2%
M
Sacha Kljestan
44.6%
D
Michael Parkhurst
43.1%
F
Alan Gordon
43.1%
F
Edson Buddle
35.4%
D
AJ DeLaGarza
30.8%
D
Heath Pearce
29.2%
F
Teal Bunbury
27.7%
D
Zach Loyd
26.2%
F
CJ Sapong
24.6%
D
Jeff Parke
23.1%
M
Jeff Larentowicz
10.8%
Quiz Playlist
Details
Report
Send in Message
Add To Playlist
Classic:
Type in answers that appear in a list
Last Updated: Feb 16, 2017
Quiz Scoreboard
CHALLENGE
Sign Up to Join the Scoreboard
Show All
Scores
Hide
Comments
May contain spoilers
Recently Published
An Introduction to Baseball
by treessimontrees
Sports
5m
Movies - When Are They Set?
by FPL_Elf
Movies
5m
Popular People in 1961
by mucciniale
History
6m
More to Explore
Quiz From the Vault
Featured Blog Post
Where Did the Easter Bunny Come From?
hide this ad
You Might Also Like...
Tags
Soccer Quiz
Donovan
USA Soccer
usmnt
Today's Top Quizzes in Sports
Browse Sports
hide this ad
Today's Top Quizzes in Soccer
Browse Soccer
Top Contributed Quizzes in Sports
1
Les meilleurs buteurs des matchs entre le PSG et l’OM
2
2022 World Cup Stars
3
FIFA Club World Cup Champions
4
Les entraîneurs de l'OM et du PSG au 21e siècle
5
Name the Premier League winners with different clubs
6
La finale Lions - Afrique du Sud 2021
7
Les joueurs passés par le LOSC et le RC Lens
8
Criteria MLB: Left Handed Sluggers
9
Players with Multiple 50 Home Run Seasons
10
5-to-1: UK Sports Teams
Explore More
Trending Topics
Harry Potter
Marvel
Anime
Kpop
Disney
NBA
Crossword
The Office
Country
NFL
Puzzle
Song
Pokémon
Soccer
WWE
hide this ad
More By:
stewart1_matt
Quiz
Plays
Rating
Category
Featured
Created
WrestleMania Title Match Endings
7,120
4.10
Sports
Sep 22, 2013
That 70's Show Typing Challenge
4,589
4.19
Television
Sep 19, 2013
Follow That Line: The Princess Bride (Part Deux!)
3,831
5.00
Movies
Oct 1, 2013
LOST Typing Challenge
609
3.75
Television
Sep 20, 2013
Scrubs Typing Challenge
572
3.40
Just For Fun
Sep 19, 2013
Go to Creator's Profile
Score Distribution
Quiz Creator Spotlight
stewart1_matt
Follow
Send a Message
Quizzes Created
-
Created Quiz Play Count
-
More By This Creator
Popular Quizzes Today
1
Find the Countries of Europe - No Outlines Minefield
2
Find the US States - No Outlines Minefield
3
The Countries of the World
4
Popular People in 1961
5
Find the US States
6
US States
7
1-10 Letter E Words III
8
Risky Map Clicking: Biggest States A-Z
More Sports Quizzes
T20 Blast winners since 2003
Quiz Lab
Trending Quizzes
Risky Map Clicking: Least Populous States A-Z
1-10 Letter F Words
1-10 Letter G Words
Not Quite an Element Typing Challenge
One Thing in Common: United Kingdom
Recently Updated
Leaping Animals
pecheneg
Reality TV Shows (A-Z)
bhenderson79
Rickey Henderson's Hall of Fame Teammates
pecheneg
Champions League XIs: Arsenal
pecheneg
Quick Pick: Celebrities in WWE's Hall of Fame
aduchscher
A-Z Keypad Blitz II
pecheneg
Multiple Oscar Actors
pecheneg
Mystery Phrase Blitz: Oscar 'Best Actors'
pecheneg
F. Scott Fitzgerald Novels
LTH
Pick 3 Villains
ddd62291
Trending Topics
Disney
Crossword
NBA
Anime
Marvel
Kpop
Harry Potter
Song
NFL
Puzzle
WWE
The Office
Country
Soccer
Pokémon
Your Account Isn't Verified!
In order to create a playlist on Sporcle, you need to verify the email address you used during registration. Go to your
Sporcle Settings
to finish the process.
Report this User
Report this user for behavior that violates our
Community Guidelines
.
Details:
Send Report
Go to the Sporcle.com Mobile Site →
Comments